[Event "Perth Respini-B"]
[Site "Perth"]
[Date "2005.10.13"]
[Round "6"]
[White "Khan, N."]
[Black "Baumgartner, Robert W"]
[Result "1-0"]
[WhiteElo "1984"]
[BlackElo "1763"]
[PlyCount "49"]
[EventDate "2005.09.01"]
[EventType "tourn"]
[EventRounds "9"]
[EventCountry "AUS"]
[SourceTitle "EXT 2010"]
[Source "ChessBase"]
[SourceDate "2010.11.25"]
[SourceVersion "1"]
[SourceVersionDate "2010.11.25"]
[SourceQuality "1"]

1. e4 c5 2. Nf3 d6 3. d4 cxd4 4. Nxd4 Nf6 5. Nc3 g6 6. Be3 Bg7 7. f3 0-0 8. Qd2 Nc6 9. Bc4 Bd7 10. 0-0-0 Qa5 11. Kb1 Rfc8 12. Bb3 Ne5 13. h4 Nc4 14. Bxc4 Rxc4 15. h5 Rxc3 16. Qxc3 Qxc3 17. bxc3 Nxh5 18. g4 Nf6 19. Nb3 Be6 20. Kb2 b6 21. Rhe1 Rc8 22. Bd4 d5 23. g5 Ne8 24. Bxg7 Kxg7 25. exd5 1-0